000 03938cam a22013094i 4500
003 PE-LiUPU
005 20250813185607.0
008 150706s2010 sp rb 000 0 spa d
020 _a8499401554
020 _a9788499401553
020 _a8416345333
020 _a9788416345335
035 _a(Sirsi) i9788499401553
040 _aPE-LiUPU
_bspa
_cPE-LiUPU
_dPE-LiUPU
_erda
049 _aPRUA
082 0 4 _a302
_bO92
_221
100 1 _aOvejero Bernal, Anastasio,
_eautor.
245 1 0 _aPsicología social :
_balgunas claves para entender la conducta humana /
_cAnastasio Ovejero Bernal.
250 _aPrimera edición.
264 1 _aMadrid :
_bBiblioteca Nueva, D.L.,
_c2010.
300 _a365 páginas ;
_c24 centímetros.
336 _atext
_2rdacontent
337 _aunmediated
_2rdamedia
338 _avolume
_2rdacarrier
490 0 _aBiblioteca Nueva universidad : manuales y obras de referencia
500 _aEl id 80130 es la segunda edición.
504 _aIncluye referencias bibliográficas.
505 0 _aQué entendemos por psicología social -- ¿Qué nos ha enseñado realmente la psicología social? -- Cognición social e irracionalidad humana -- Psicología social de grupos -- Comportamiento colectivo: el individuo en las sectas -- Psicología social del género -- procesos de influencia social -- Actitudes y cambio de actitudes: La persuasión -- Técnicas de manipulación interpersonal -- Estereotipos, prejuicios y discriminación: racismo -- psicología de la conducta agresiva y violenta: La banalidad del mal.
526 _aP202
526 _aP201
526 _aP163
526 _aP162
526 _aP161
526 _aP160
526 _aP148
526 _aP147
526 _aP146
526 _aP145
526 _aP144
526 _aP143
526 _aP142
526 _aP141
526 _aP140
526 _aP139
526 _aP138
526 _aP137
526 _aP136
526 _aP135
526 _aP134
526 _aP133
526 _aP129
526 _aP128
526 _aP127
526 _aP120
526 _aP119
526 _aP118
526 _aP116
526 _aP115
526 _aP114
526 _aP110
526 _aP109
526 _aP108
526 _aP104
526 _aP103
526 _aP102
526 _aP99
526 _aP98
526 _aP97
526 _aP96
526 _aP95
526 _aP93
526 _aP90
526 _aP89
526 _aP88
526 _aP83
526 _aP82
526 _aP62
526 _aP59
526 _aP58
526 _aP57
526 _aP51
526 _aP49
526 _aP48
526 _aP47
526 _aP29
526 _aP24
526 _aP20
526 _aP19
526 _aP17
526 _aP15
526 _aP14
526 _aP12
526 _aP10
526 _aP09
526 _aP08
526 _aP07
526 _aP06
526 _aP05
526 _aP04
526 _aP01
541 _g001-003364;
541 _g002-00001572;
650 0 4 _aPsicología social.
_91880
910 _agl20110907
910 _abgr
_bncf
_cncf
_d20190808
942 _2ddc
_cBOOK
949 _a302 O92
_wDEWEY
_c1
_i63632
_lCCODEBUL1
_mBUL
_p41.00
_r0
_sY
_tBOOK
_u2015-7-6
_xSALUD
_PP33
_o.STAFF. Colección Ciencias de la Salud
994 _aC0
_bPEPRU
596 _a1
999 _a302 O92 2010
_wDEWEY
_c52542
_i63632
_d52542
_e2018-10-4
_f2021-11-3
_g6
_lCCODEBUL1
_mBUL
_n30
_p41.00
_q9
_r0
_sY
_tBOOK
_u2015-7-6
_xSALUD
_zP33
_0COMPRA
_o.STAFF. Colección Ciencias de la Salud
999 _a302 O92 2015
_wDEWEY
_c1
_i80130
_f2021-11-3
_g3
_lCCODEBUL1
_mBUL
_p33.71
_r0
_sY
_tBOOK
_u2019-8-8
_xSALUD
_zP33
_0COMPRA
_1FCOMPR3
_o.STAFF. Colección Ciencias de la Salud
980 _81
_gALBERTO SANCHEZ Responsable de Automatización